Lectures on complex analytic manifolds
Guardat en:
| Autor principal: | |
|---|---|
| Format: | Llibre |
| Idioma: | anglès |
| Publicat: |
Bombay
Tata Institute of Fundamental Research
1955
|
| Matèries: | |
| Etiquetes: |
Afegir etiqueta
Sense etiquetes, Sigues el primer a etiquetar aquest registre!
|
MARC
| LEADER | 00000nam a2200000 a 4500 | ||
|---|---|---|---|
| 001 | UCP4004 | ||
| 003 | CL-VaPUC | ||
| 008 | 990709e19550000II |||||||||||||||||eng|d | ||
| 082 | 0 | 4 | |a 516.36 |b SCH |2 21 |
| 100 | 0 | |a Schwartz, L |e author |9 431427 | |
| 245 | 1 | 0 | |a Lectures on complex analytic manifolds |
| 300 | |a 185 p | ||
| 942 | |c BK | ||
| 945 | |d 19990709 00:00:00 |a crobeson | ||
| 260 | |a Bombay |b Tata Institute of Fundamental Research |c 1955 | ||
| 650 | 0 | |a Variedades diferenciales |9 270032 | |
| 650 | 0 | |a Geometría diferencial |9 315147 | |
| 650 | 0 | |a Variedades |9 393868 | |
| 650 | 7 | |a COHOMOLOGIA |2 CL-VaPUC |9 423575 | |
| 650 | 0 | |a Topología |9 260092 | |
| 650 | 0 | |a Espacios vectoriales |9 21 | |
| 583 | |a last modification |c 19990709 00:00:00 |k Rodrigo Vera | ||
| 999 | |c 282089 |d 282087 | ||